[Event "Euskadi ch"]
[Site "Zornotza"]
[Date "2012.04.13"]
[Round "5"]
[White "Perez Fernandez, Modesto"]
[Black "Mindeguia Guruceaga, Juan Jesus"]
[Result "0-1"]
[WhiteElo "2056"]
[BlackElo "2234"]

1.e4 c5 2.Nf3 e6 3.d4 cxd4 4.Nxd4 Nf6 5.Nc3 Bb4 6.e5 Nd5 7.a3 Bxc3+ 8.bxc3
Qc7 9.Bd2 Qxe5+ 10.Be2 Nc6 11.Nf3 Qf6 12.O-O Nxc3 13.Qe1 Nxe2+ 14.Qxe2 O-O
15.a4 e5 16.Ra3 d5 17.h3 e4 18.Nh2 Bf5 19.Qb5 Qd6 20.Qb2 Bg6 21.Rg3 b6 22.
h4 Qe5 23.Qa2 h5 24.Rg5 Qe6 25.Qxd5 Qxd5 26.Rxd5 Rfd8 27.Rxd8+ Rxd8 28.Be3
Ne7 29.g3 Nf5 30.Bf4 Nd4 31.Kg2 Nxc2 32.Rc1 Rc8 33.Nf1 Rc6 34.Rd1 Bf5 35.
Rd8+ Kh7 36.Ra8 Ne1+ 37.Kh1 Bh3 38.Nd2 Nf3 39.Nxe4 f6 40.Rxa7 Re6 41.Nxf6+
Rxf6 42.Rc7 Re6 43.Rc1 Re4 44.Be3 Rxa4 45.Bxb6 Ra2 46.Be3 Rb2 47.Ba7 Be6 
48.Kg2 Bd5 49.Kh3 Re2 50.Be3 Re1 51.Rxe1 Nxe1 52.Bb6 Nf3 53.Ba7 Kg6 54.Bb6
Kf6 55.Ba5 g6 56.Bc3+ Ke7 57.Bb2 Kd6 58.Ba3+ Ke5 59.Bb2+ Kd6 60.Ba3+ Kc6 
61.Bf8 Kb5 62.Kg2 Nxh4+ 63.Kf1 Bc4+ 64.Ke1 Nf3+ 65.Kd1 Bd3 66.Kc1 Kc4 67.
Bg7 Bf5 68.Bh6 Kd3 69.Be3 Ke2 70.Bb6 Ne5 71.Ba7 Nd3+ 72.Kc2 Nxf2+ 73.Kc3 
Ne4+ 74.Kd4 Kf3 0-1

[Event "Euskadi ch"]
[Site "Zornotza"]
[Date "2012.04.13"]
[Round "5"]
[White "Alcaide Luque, Aitor"]
[Black "Cucarella Montell, Angels"]
[Result "1-0"]
[WhiteElo "2135"]
[BlackElo "1950"]

1.d4 d5 2.c4 e6 3.Nc3 c5 4.cxd5 exd5 5.e4 dxe4 6.d5 Nf6 7.Bf4 Bd6 8.Bb5+ 
Kf8 9.Bg5 h6 10.Bxf6 Qxf6 11.Nxe4 Qe5 12.Qe2 Bd7 13.Nf3 Qe7 14.O-O a6 15.
Bd3 Bg4 16.Nxd6 Qxd6 17.Qe5 Qf6 18.Qc7 Nd7 19.Rfe1 g6 20.Re3 Kg7 21.Rae1 
Rac8 22.Qg3 h5 23.h3 Bf5 24.Bxf5 Qxf5 25.Nh4 Qf6 26.Rf3 Qxb2 27.Rxf7+ Kxf7
28.Qxg6+ Kf8 29.Qd6+ Kg8 30.Qe6+ Kg7 31.Qxd7+ Kh6 32.Re6+ Kg5 33.Rg6+ 1-0

[Event "Euskadi ch"]
[Site "Zornotza"]
[Date "2012.04.13"]
[Round "5"]
[White "Uriarte Prieto, Goyo"]
[Black "Diaz Herrero, Alvaro"]
[Result "0-1"]
[WhiteElo "2039"]
[BlackElo "2132"]

1.e4 d6 2.d4 e5 3.Nf3 exd4 4.Nxd4 Nf6 5.Nc3 Be7 6.Bc4 O-O 7.O-O c6 8.a4 
Re8 9.Bf4 Bf8 10.Bg5 Nbd7 11.Nf3 h6 12.Bh4 Qb6 13.a5 Qxb2 14.Bxf6 Nxf6 15.
Qd3 Qb4 16.Rfe1 Qc5 17.h3 Rb8 18.Reb1 Qh5 19.Nd4 Bd7 20.Re1 Qg5 21.Nf3 Qg6
22.Nh4 Qh5 23.Qg3 Qe5 24.Qf3 Qg5 25.Nf5 d5 26.h4 Qg6 27.h5 Qg5 28.Bb3 dxe4
29.Nxh6+ Qxh6 30.Rxe4 Qxh5 31.Rxe8 Rxe8 32.Qg3 Qe5 33.Qd3 Be6 0-1

[Event "Euskadi ch"]
[Site "Zornotza"]
[Date "2012.04.13"]
[Round "5"]
[White "Hernandez Perez, Jesus"]
[Black "Perez De Miguel, Alvaro"]
[Result "0-1"]
[WhiteElo "2022"]
[BlackElo "2190"]

1.e4 c6 2.d4 d5 3.exd5 cxd5 4.Bd3 Nc6 5.c3 Nf6 6.Bf4 Bg4 7.Qb3 Qd7 8.Nd2 
e6 9.Ngf3 Bxf3 10.Nxf3 Bd6 11.Bxd6 Qxd6 12.O-O O-O 13.Rfe1 Rab8 14.Ne5 b5 
15.Nxc6 Qxc6 16.Re3 b4 17.Qc2 Rfc8 18.Rc1 Qb6 19.Qd2 bxc3 20.bxc3 Qb2 21.
Rc2 Qb1+ 22.Re1 Qb6 23.f4 Nd7 24.g4 Re8 25.Kg2 Qd6 26.Qf2 f6 27.c4 dxc4 
28.Bxc4 Rb4 29.Bb3 Nb6 30.f5 Nd5 31.Rxe6 Rxe6 32.fxe6 Kf8 33.Qf3 Rxd4 34.
Bxd5 Rxd5 35.Re2 Ke7 36.Qb3 Rc5 37.Qb7+ Rc7 38.Qe4 Qc6 39.Kg3 Qxe4 40.Rxe4
Rc3+ 41.Kg2 Rc2+ 42.Kg3 Rxa2 43.h4 g6 44.Rc4 Kxe6 45.Rc7 Ra3+ 46.Kg2 h5 
47.Rg7 Ra4 48.gxh5 gxh5 49.Rh7 Rxh4 50.Rxa7 Kf5 51.Ra5+ Kg6 52.Kg3 Rb4 53.
Rc5 Rg4+ 54.Kf3 Rg5 55.Rc6 h4 56.Rc8 Ra5 57.Rg8+ Kf5 58.Rh8 Ra3+ 59.Kg2 
Kg4 60.Rg8+ Kf4 61.Rh8 h3+ 62.Kh2 f5 63.Rg8 Rf3 64.Re8 Re3 65.Rg8 Ke4 66.
Re8+ Kd3 67.Rf8 Rf3 68.Re8 f4 69.Rd8+ Ke2 70.Ra8 Re3 71.Ra2+ Kf1 72.Ra4 
Rf3 73.Re4 Kf2 74.Re8 Rd3 75.Re4 f3 76.Kxh3 Rd7 77.Kg4 Kg2 78.Ra4 f2 79.
Ra2 Rd4+ 80.Kf5 Kg1 0-1

[Event "Euskadi ch"]
[Site "Zornotza"]
[Date "2012.04.13"]
[Round "5"]
[White "Martinez Pelaez, David"]
[Black "Gomez Calvo, Jose Ricardo"]
[Result "0-1"]
[WhiteElo "1987"]
[BlackElo "1943"]

1.e4 e6 2.d4 d5 3.Nd2 h6 4.Ngf3 Nf6 5.Bd3 c5 6.exd5 Nxd5 7.Ne4 cxd4 8.Nxd4
a6 9.c3 e5 10.Nb3 Nc6 11.O-O Be7 12.Qe2 O-O 13.Rd1 Qc7 14.Ng3 Nf6 15.Nh5 
Ng4 16.h3 e4 17.hxg4 exd3 18.Rxd3 Bd6 19.Rh3 Ne5 20.f3 f5 21.g5 f4 22.Rh2 
hxg5 23.Qe4 Bf5 24.Qd5+ Rf7 25.Nd4 Bc5 26.b4 Bb6 27.Bb2 Rd8 28.Qb3 Nc4 29.
Kh1 Bxd4 30.cxd4 Nxb2 31.Qxb2 Qc2 32.Qa3 Rxd4 33.g4 Rd1+ 34.Rxd1 Qxd1+ 35.
Kg2 Re7 36.Nxf4 gxf4 37.gxf5 Re2+ 38.Kh3 Qf1+ 39.Kg4 Qg1+ 0-1

[Event "Euskadi ch"]
[Site "Zornotza"]
[Date "2012.04.14"]
[Round "6"]
[White "Huerga Leache, Mikel"]
[Black "Franco Alonso, Alejandro"]
[Result "1/2-1/2"]
[WhiteElo "2436"]
[BlackElo "2449"]

1.d4 Nf6 2.c4 g6 3.Nc3 d5 4.Nf3 Bg7 5.Bf4 O-O 6.Rc1 dxc4 7.e3 Be6 8.Ng5 
Bd5 9.e4 h6 10.exd5 hxg5 11.Bxg5 Nxd5 12.Bxc4 Nb6 13.Bb3 Nc6 14.Ne2 Nxd4 
15.Nxd4 Bxd4 16.O-O c6 17.Bxe7 Bxf2+ 18.Rxf2 Qxe7 19.Qd3 Qg5 20.Rc5 Qxc5 
21.Qxg6+ Kh8 22.Qh6+ Kg8 23.Qg6+ Kh8 24.Qh6+ Kg8 1/2-1/2

[Event "Euskadi ch"]
[Site "Zornotza"]
[Date "2012.04.14"]
[Round "6"]
[White "Arias Garcia, Luis Javier"]
[Black "Astasio Lopez, David"]
[Result "0-1"]
[WhiteElo "2168"]
[BlackElo "2327"]

1.d4 d5 2.c4 c6 3.Nf3 Nf6 4.Qc2 dxc4 5.Qxc4 Bf5 6.g3 Nbd7 7.Nc3 e6 8.Bg2 
Be7 9.O-O h6 10.a4 a5 11.Nd2 Nb6 12.Qb3 Qxd4 13.e4 Bg6 14.e5 Nfd7 15.Nde4 
Qb4 16.Qd1 Nxe5 17.b3 Rd8 18.Qe2 Nd5 19.Nxd5 Rxd5 20.Ba3 Qd4 21.Rfd1 Nd3 
22.Bxe7 Kxe7 23.Nd2 Rd7 24.Nc4 Rhd8 25.Bf3 Kf8 26.Nxa5 e5 27.Rf1 e4 28.Bg4
Re7 29.Nc4 Qc3 30.Rab1 Ne5 31.Rfc1 Qb4 32.Nxe5 Rxe5 33.Rc4 Qb6 34.Qe3 Qxe3
35.fxe3 Rd3 36.Rb4 f5 37.Be2 Rxe3 38.Kf2 Rc3 39.Rxb7 Rd5 40.Ke1 Rc2 41.
Rb8+ Ke7 42.Rb7+ Kf6 43.Rb6 Ke5 44.Rb8 f4 45.gxf4+ Kxf4 46.b4 Rg5 47.Kd1 
e3 48.Rf8+ Ke5 49.Rb3 Rg1+ 50.Rf1 Rxf1+ 51.Bxf1 Rd2+ 52.Ke1 Kd4 53.a5 Bh5 
54.Ra3 Rd1# 0-1

[Event "Euskadi ch"]
[Site "Zornotza"]
[Date "2012.04.14"]
[Round "6"]
[White "Gomez Esteban, Juan Mario"]
[Black "Etchegaray, Patrice"]
[Result "1/2-1/2"]
[WhiteElo "2471"]
[BlackElo "2408"]

1.d4 Nf6 2.c4 c5 3.d5 e6 4.Nc3 exd5 5.cxd5 d6 6.e4 g6 7.h3 Bg7 8.Nf3 O-O 
9.Bd3 b5 10.Bxb5 Nxe4 11.Nxe4 Qa5+ 12.Nfd2 Qxb5 13.Nxd6 Qa6 14.N2c4 Nd7 
15.O-O Ne5 16.Nxc8 Raxc8 17.Nxe5 Bxe5 18.Re1 Qf6 19.Rb1 Rfd8 20.b3 Bd4 21.
Be3 Rxd5 22.Qc2 Rcd8 23.Rbd1 Bxe3 24.fxe3 Rxd1 25.Rxd1 Rxd1+ 26.Qxd1 Qc3 
27.Qd8+ Kg7 28.Qe7 Qa1+ 29.Kh2 Qxa2 30.Qe5+ Kg8 31.Qe8+ Kg7 1/2-1/2

[Event "Euskadi ch"]
[Site "Zornotza"]
[Date "2012.04.14"]
[Round "6"]
[White "Gonzalez De La Torre, Santiago"]
[Black "Ladron De Guevara Galar, Fco Ja"]
[Result "1-0"]
[WhiteElo "2440"]
[BlackElo "2139"]

1.d4 d5 2.c4 e6 3.Nf3 Nf6 4.g3 Bb4+ 5.Bd2 Be7 6.Bg2 O-O 7.O-O c6 8.Qc2 
Nbd7 9.Bf4 a5 10.Rd1 b5 11.b3 Bb7 12.Ne5 Rc8 13.Nc3 b4 14.Na4 Nxe5 15.dxe5
Nd7 16.e4 Nb6 17.Nb2 Qc7 18.Be3 Nd7 19.cxd5 exd5 20.f4 Nb6 21.Rac1 dxe4 
22.Bxe4 h6 23.Bc5 Bxc5+ 24.Qxc5 Nd7 25.Qe7 Qb6+ 26.Kh1 c5 27.Bg2 Bxg2+ 28.
Kxg2 Rc7 29.Qd6 Qb7+ 30.Qd5 Qb5 31.Qd3 Qc6+ 32.Qf3 Nb6 33.Rd6 Qb5 34.Qd3 
Qxd3 35.Nxd3 Nc8 36.Ra6 Rd8 37.Rxc5 Rcd7 38.Nf2 Ne7 39.Rcxa5 Rd2 40.Ra8 
Rxa8 41.Rxa8+ Kh7 42.Ra7 Nd5 43.Rxf7 Nc3 44.Kf3 Kg8 45.e6 Nxa2 46.Rd7 1-0

[Event "Euskadi ch"]
[Site "Zornotza"]
[Date "2012.04.14"]
[Round "6"]
[White "Martin Alvarez, Iñigo"]
[Black "Villalta Bustillo, Igor"]
[Result "1/2-1/2"]
[WhiteElo "2265"]
[BlackElo "2185"]

1.e4 e5 2.Nf3 Nf6 3.Nxe5 d6 4.Nf3 Nxe4 5.d4 d5 6.Bd3 Nc6 7.O-O Be7 8.c4 
Nb4 9.cxd5 Nxd3 10.Qxd3 Qxd5 11.Re1 Bf5 12.g4 Bg6 13.Nc3 Nxc3 14.Qxc3 Kd8 
15.Bf4 Bd6 16.Bxd6 Qxd6 17.Rac1 f6 18.Qb3 Kd7 19.Rc3 Kc8 20.Rec1 Rd8 21.
Rxc7+ Qxc7 22.Qe6+ Kb8 23.Rxc7 Kxc7 24.Nh4 Rxd4 25.Qe7+ Kc6 26.Qe6+ Kc7 
27.Qe7+ Kc6 28.Qe6+ Kc7 1/2-1/2

[Event "Euskadi ch"]
[Site "Zornotza"]
[Date "2012.04.14"]
[Round "6"]
[White "Mindeguia Guruceaga, Juan Jesus"]
[Black "Diez Fraile, David"]
[Result "1-0"]
[WhiteElo "2234"]
[BlackElo "2185"]

1.e4 c5 2.Nf3 d6 3.Bb5+ Bd7 4.Bxd7+ Qxd7 5.c4 Nc6 6.O-O Nf6 7.Nc3 g6 8.d3 
Bg7 9.h3 O-O 10.Be3 Rab8 11.Qd2 Rfc8 12.Rad1 Ne8 13.Bh6 Bh8 14.Nh4 Nd4 15.
f4 e6 16.f5 Ng7 17.f6 Nh5 18.Qg5 Qd8 19.e5 dxe5 20.Ne4 Ne2+ 21.Kh2 Nef4 
22.Nf3 Nxf6 23.Nxe5 Nxe4 24.Qxf4 Qd6 25.Qxf7# 1-0

[Event "Euskadi ch"]
[Site "Zornotza"]
[Date "2012.04.14"]
[Round "6"]
[White "Diaz Herrero, Alvaro"]
[Black "Prieto Aranguren, Alain"]
[Result "0-1"]
[WhiteElo "2132"]
[BlackElo "2219"]

1.Nf3 Nf6 2.g3 g6 3.Bg2 Bg7 4.O-O O-O 5.d4 d6 6.c4 Nbd7 7.Nc3 c6 8.b3 Re8 
9.a4 e5 10.e3 e4 11.Ng5 d5 12.cxd5 cxd5 13.f3 h6 14.Nxf7 Kxf7 15.fxe4 dxe4
16.Bxe4 Nf8 17.Qd3 Bh3 18.Rf2 Kg8 19.Bxb7 Rb8 20.Bc6 Bd7 21.Bg2 Rxb3 22.
Rxf6 Qxf6 23.Qc4+ Be6 24.Nd5 Qf7 25.Qxb3 Rd8 26.Ba3 Bxd5 27.Bxd5 Qxd5 28.
Qxd5+ Rxd5 29.Rc1 Ra5 30.Rc4 Nd7 31.Rc8+ Bf8 32.Bxf8 Nxf8 33.Rc7 Rxa4 34.
Kf2 a5 35.Ra7 Ra1 36.Kf3 a4 37.Ke4 a3 38.Kd5 a2 39.e4 Nd7 40.Ke6 Rd1 41.
Rxd7 Rf1 42.Ra7 a1=Q 43.Rxa1 Rxa1 44.d5 Kf8 45.e5 Ke8 46.Kf6 g5 47.g4 Rh1 
0-1

[Event "Euskadi ch"]
[Site "Zornotza"]
[Date "2012.04.14"]
[Round "6"]
[White "Perez De Miguel, Alvaro"]
[Black "Alcaide Luque, Aitor"]
[Result "1/2-1/2"]
[WhiteElo "2190"]
[BlackElo "2135"]

1.d4 e6 2.Nf3 f5 3.c4 Nf6 4.g3 d5 5.Bg2 c6 6.O-O Bd6 7.b3 Qe7 8.a4 a5 9.
Ba3 b6 10.Ne5 Bb7 11.cxd5 cxd5 12.Bxd6 Qxd6 13.Nc3 O-O 14.Nb5 Qe7 15.Rc1 
Na6 16.Qd2 Rac8 17.Na7 Ra8 18.Nac6 Qd6 19.Rc2 Rfc8 20.Rfc1 Rc7 21.Qd3 Rac8
22.Na7 Rxc2 23.Rxc2 Rxc2 24.Qxc2 Nb4 25.Qc1 Ne4 26.Nb5 Qe7 27.e3 Kf8 28.
Qd1 g6 29.h4 Ba6 30.Qc1 Bb7 31.Bxe4 dxe4 32.Nc4 Nd5 33.Ncd6 Qd7 34.Qa3 Nb4
35.Nc4 Qc6 36.Na7 Qc7 37.Nb5 Qc6 38.Qa1 Nd5 39.Kg2 Ba6 40.Nbd6 Bxc4 41.
Nxc4 Qc7 42.Qh1 h5 43.Qf1 Ke7 44.Qe2 Kf6 45.Ne5 Qc3 46.Qb5 Qe1 47.Nd7+ Kg7
48.Nxb6 f4 49.gxf4 Qd1 50.Qd7+ Kh6 51.Qxe6 Nxe3+ 52.fxe3 Qe2+ 53.Kg1 Qe1+ 
1/2-1/2

[Event "Euskadi ch"]
[Site "Zornotza"]
[Date "2012.04.14"]
[Round "6"]
[White "Albo Ruiz, Jose Martin"]
[Black "Ruiz Abad, Juan Manuel"]
[Result "0-1"]
[WhiteElo "1890"]
[BlackElo "1980"]

1.d4 Nf6 2.Nf3 c5 3.g3 cxd4 4.Nxd4 e5 5.Nb3 d5 6.Bg2 h6 7.O-O Nc6 8.N1d2 
Be7 9.c3 O-O 10.Qc2 Be6 11.Rd1 Rc8 12.Ne4 Nd7 13.Ned2 Qb6 14.Qb1 a5 15.
Bxd5 Bxd5 16.Qd3 Nf6 17.Nf1 Be4 18.Qe3 Qxe3 19.Bxe3 Rfd8 20.Rxd8+ Bxd8 21.
f3 Bd5 22.Nc5 b6 23.Na4 b5 24.Nc5 Bb6 25.Nb7 Bxe3+ 26.Nxe3 Be6 27.a4 bxa4 
28.Rxa4 Rb8 29.Nxa5 Nxa5 30.Rxa5 Rxb2 31.Kf2 e4 32.c4 exf3 33.Kxf3 Rb3 34.
Rb5 Rc3 35.Kf2 Ne4+ 36.Kf3 Nd2+ 37.Kf2 Nxc4 38.Ng2 Nd6 39.Rb8+ Kh7 40.Nf4 
Ne4+ 41.Kg2 Bb3 42.Nd3 Nf6 43.Kf2 Bc4 44.Nf4 g5 45.Nh3 Ng4+ 0-1

[Event "Euskadi ch"]
[Site "Zornotza"]
[Date "2012.04.14"]
[Round "6"]
[White "Perez Fernandez, Modesto"]
[Black "Uriarte Prieto, Goyo"]
[Result "1/2-1/2"]
[WhiteElo "2056"]
[BlackElo "2039"]

1.e4 e6 2.d4 d5 3.Nd2 Nf6 4.Bd3 c5 5.e5 Nfd7 6.c3 Nc6 7.Ne2 cxd4 8.cxd4 f6
9.exf6 Nxf6 10.O-O Bd6 11.Nf3 O-O 12.Bg5 Qc7 13.Bh4 g6 14.Qc2 Qg7 15.a3 
Ng4 16.Bg3 Bxg3 17.hxg3 Qh6 18.Qd2 Qxd2 19.Nxd2 e5 20.dxe5 Ngxe5 21.Bb5 a6
22.Ba4 b5 23.Bb3 Nc4 24.Nxc4 bxc4 25.Ba4 Ne5 26.f4 Bg4 27.Nc3 Nd3 28.Bc6 
d4 29.Bxa8 Rxa8 30.Nd5 Be2 31.Nb6 Rb8 32.Nxc4 Rc8 33.b3 Bxf1 34.Kxf1 Nc5 
35.Nd2 Ne6 36.Re1 Ng7 37.g4 h5 38.Re4 hxg4 39.Rxd4 Rc1+ 40.Ke2 Nf5 41.Ra4 
Rc6 42.Rc4 Re6+ 43.Kf2 g3+ 44.Kf3 Re3+ 45.Kg4 Rd3 46.Rc8+ Kf7 47.Nf3 Rxb3 
48.Ne5+ Ke6 49.Rc6+ Kd5 50.Rxa6 Ne3+ 51.Kxg3 g5 52.Ra5+ Ke6 53.Nf3 gxf4+ 
54.Kxf4 Nxg2+ 55.Kg3 Rb2 56.a4 Kd6 57.Re5 Rb3 58.Re2 Nh4 59.Kxh4 Rxf3 60.
Ra2 Kc6 61.a5 Kb7 62.Kg4 Rf7 1/2-1/2

[Event "Euskadi ch"]
[Site "Zornotza"]
[Date "2012.04.14"]
[Round "6"]
[White "Cucarella Montell, Angels"]
[Black "Gomez Calvo, Jose Ricardo"]
[Result "1/2-1/2"]
[WhiteElo "1950"]
[BlackElo "1943"]

1.e4 e6 2.d4 d5 3.Bd3 b6 4.c3 Bb7 5.e5 c5 6.f4 g6 7.Nf3 Ne7 8.O-O h5 9.Be3
Nf5 10.Bf2 Be7 11.Na3 c4 12.Bb1 a6 13.Nc2 Nc6 14.Ne3 b5 15.Qe1 a5 16.Nxf5 
gxf5 17.Bh4 Bxh4 18.Nxh4 Ne7 19.Rf3 Ng6 20.Nxg6 fxg6 21.Rg3 Kf7 22.Bc2 a4 
23.a3 Bc6 24.Rg5 Qe7 25.Rd1 Rag8 26.Rd2 Rg7 27.g3 Ke8 28.Rg2 Kd8 29.Kf2 
Be8 30.h3 Rgh7 31.Qe2 Qf8 32.Qf3 1/2-1/2

[Event "Euskadi ch"]
[Site "Zornotza"]
[Date "2012.04.14"]
[Round "6"]
[White "Martinez Pelaez, David"]
[Black "Hernandez Perez, Jesus"]
[Result "1/2-1/2"]
[WhiteElo "1987"]
[BlackElo "2022"]

1.e4 e6 2.d4 d5 3.Nd2 dxe4 4.Nxe4 Bd7 5.Nf3 Bc6 6.Bd3 Nd7 7.Qe2 Ngf6 8.
Neg5 Bxf3 9.Qxf3 c6 10.O-O Be7 11.Re1 Nf8 12.c3 h6 13.Qh3 Qc7 14.Bd2 Rg8 
15.Ne4 N8d7 16.Qf3 Nxe4 17.Bxe4 Nf6 1/2-1/2

[Event "Euskadi ch"]
[Site "Zornotza"]
[Date "2012.04.15"]
[Round "7"]
[White "Astasio Lopez, David"]
[Black "Huerga Leache, Mikel"]
[Result "0-1"]
[WhiteElo "2327"]
[BlackElo "2436"]

1.e3 Nf6 2.d4 c5 3.Nf3 e6 4.c4 cxd4 5.exd4 d5 6.Nc3 Bb4 7.Bd3 dxc4 8.Bxc4 
O-O 9.O-O b6 10.Qb3 Bxc3 11.bxc3 Qc7 12.Ne5 Nc6 13.Nxc6 Qxc6 14.Rd1 Bb7 
15.Bf1 Rac8 16.c4 Qc7 17.Qg3 Qxg3 18.hxg3 Ba6 19.Ba3 Rfd8 20.Rac1 Rc7 21.
Rc2 Ne4 22.Re1 Nd6 23.Bxd6 Rxd6 24.c5 bxc5 25.Rxc5 Rc8 26.Rec1 Rcd8 27.Rc7
Bxf1 28.Kxf1 Ra6 29.Rd7 Rb8 30.Rb7 Rf8 31.Rc2 g6 32.g4 Ra4 33.Rd7 h6 34.g3
Kg7 35.Kg2 Kf6 36.Rb7 Ra5 37.Kh3 g5 38.Kg2 Kg6 39.Kg1 a6 40.Ra7 Rd8 41.Rd2
Ra4 42.Kg2 Rdxd4 43.Rxd4 Rxd4 44.Rxa6 Rxg4 45.a4 h5 46.Kf3 Rb4 47.Ra8 Kg7 
48.a5 Rb3+ 49.Kg2 Ra3 50.a6 Ra2 51.Kf3 Ra4 52.a7 Ra2 53.Kg2 Ra3 54.Kh2 Ra6
55.Kg2 Ra5 56.Kh2 Ra4 57.Kg1 Ra3 58.Kh2 Ra2 59.Kg2 Ra4 60.Kh2 h4 61.gxh4 
Rxh4+ 62.Kg3 Ra4 63.Kf3 Kf6 64.Ke2 Kf5 65.Kd1 Kf4 66.Ke2 e5 67.Ke1 e4 68.
Ke2 g4 69.Kd1 Kf3 70.Ke1 Ra1+ 71.Kd2 Kxf2 72.Re8 Rxa7 73.Rxe4 Rd7+ 74.Kc2 
0-1

[Event "Euskadi ch"]
[Site "Zornotza"]
[Date "2012.04.15"]
[Round "7"]
[White "Etchegaray, Patrice"]
[Black "Franco Alonso, Alejandro"]
[Result "1/2-1/2"]
[WhiteElo "2408"]
[BlackElo "2449"]

1.e4 c5 2.c3 Nf6 3.e5 Nd5 4.d4 e6 5.Nf3 cxd4 6.cxd4 d6 7.Bc4 Be7 8.O-O Nc6
9.Qe2 O-O 10.Nc3 Nxc3 11.bxc3 dxe5 12.dxe5 Qa5 13.Qe4 Qa4 14.Bg5 h6 15.
Bxe7 Nxe7 16.Bd3 Qxe4 17.Bxe4 Rb8 18.Rfd1 b6 19.a4 Bb7 20.Rd7 Bxe4 21.Rxe7
Rfc8 22.Nd4 a6 23.f3 Bd5 24.Ra7 Rxc3 25.Rxa6 Rd3 26.Nb5 Rc8 27.Rxb6 Rc2 
28.Na3 Re2 29.Rb4 h5 30.Nc4 Bxc4 31.Rxc4 Rdd2 32.Rh4 Rxg2+ 33.Kh1 g6 34.a5
Ra2 35.Rxa2 Rxa2 36.Re4 g5 37.h4 Kg7 38.hxg5 Rxa5 39.Kg2 Kg6 40.Kg3 Kxg5 
41.Rf4 Rxe5 42.Rxf7 Rf5 43.f4+ Kg6 44.Re7 Rf6 45.Rb7 Rf7 46.Rb5 h4+ 47.
Kxh4 Rxf4+ 48.Kg3 Rf1 49.Re5 Kf6 50.Re3 Rf5 51.Ra3 Ke5 52.Ra5+ Ke4 53.Ra4+
Ke3 54.Ra3+ Kd4 55.Ra4+ Ke5 56.Ra5+ Kf6 57.Rxf5+ 1/2-1/2

[Event "Euskadi ch"]
[Site "Zornotza"]
[Date "2012.04.15"]
[Round "7"]
[White "Gonzalez De La Torre, Santiago"]
[Black "Gomez Esteban, Juan Mario"]
[Result "1-0"]
[WhiteElo "2440"]
[BlackElo "2471"]

1.d4 d5 2.c4 c6 3.Nf3 Nf6 4.e3 Bf5 5.Nc3 a6 6.Qb3 Ra7 7.Bd2 h6 8.Rc1 e6 9.
c5 Nbd7 10.Na4 Be7 11.Be2 O-O 12.O-O Ne4 13.Be1 Bf6 14.Kh1 Re8 15.Ng1 Be7 
16.f3 Nef6 17.Qc3 Bf8 18.g4 Bg6 19.Bg3 Qe7 20.Rce1 e5 21.Bd1 Qe6 22.h3 Nh7
23.Kh2 e4 24.Ne2 exf3 25.Nf4 Qe7 26.Nxg6 fxg6 27.e4 dxe4 28.Bxf3 Ng5 29.
Bg2 Nf6 30.Nb6 Qd8 31.Kh1 Kh7 32.Nc4 Ra8 33.Be5 Nd7 34.Bf4 Be7 35.Bxg5 
Bxg5 36.Nd6 Re7 37.Bxe4 Nf8 38.Qb3 Bf6 39.Qd3 Qd7 40.Re2 Kh8 41.Ref2 Ne6 
42.Bxg6 b6 43.b4 a5 44.a3 axb4 45.axb4 bxc5 46.dxc5 Rb8 47.Qd2 Rf8 48.Bc2 
Ng5 49.Qd3 Qe6 50.h4 Qxg4 51.hxg5 1-0

[Event "Euskadi ch"]
[Site "Zornotza"]
[Date "2012.04.15"]
[Round "7"]
[White "Prieto Aranguren, Alain"]
[Black "Martin Alvarez, Iñigo"]
[Result "1/2-1/2"]
[WhiteElo "2219"]
[BlackElo "2265"]

1.d4 d6 2.Nf3 g6 3.c4 Bg7 4.Nc3 e5 5.e4 Nc6 6.d5 Nd4 7.Be3 Bg4 8.Be2 Nxe2 
9.Qxe2 f5 10.h3 Bxf3 11.gxf3 f4 12.Bd2 Nf6 13.O-O-O a6 14.Kb1 g5 15.Rc1 
Qe7 16.b3 h5 17.Nd1 Kf7 18.Nb2 a5 19.Nd3 1/2-1/2

[Event "Euskadi ch"]
[Site "Zornotza"]
[Date "2012.04.15"]
[Round "7"]
[White "Villalta Bustillo, Igor"]
[Black "Mindeguia Guruceaga, Juan Jesus"]
[Result "0-1"]
[WhiteElo "2185"]
[BlackElo "2234"]

1.d4 d5 2.Nf3 e6 3.Nbd2 Nf6 4.e3 c5 5.c3 Nc6 6.Bd3 Bd6 7.O-O O-O 8.Qe2 Qc7
9.dxc5 Bxc5 10.e4 b6 11.exd5 exd5 12.Nb3 Re8 13.Qd1 Bg4 14.Nxc5 bxc5 15.h3
Bh5 16.g4 Bg6 17.Nh4 Bxd3 18.Qxd3 Ne5 19.Qd1 Qb7 20.Nf3 Nc4 21.b3 Nd6 22.
Bf4 Nde4 23.Rc1 h6 24.Re1 a5 25.Nd2 a4 26.Nxe4 Rxe4 27.Rxe4 Nxe4 28.f3 Nf6
29.bxa4 Qa6 30.Be5 Qc4 31.Bxf6 gxf6 32.Qd2 Kg7 33.Rc2 Rxa4 34.Kg2 Ra8 35.
Qe2 Qf4 36.Qd2 Qc4 37.Qe2 Qf4 38.Qd2 Qe5 39.Qe2 Ra3 40.Qd2 d4 41.cxd4 cxd4
42.Qf2 Re3 43.Kf1 Qf4 44.Kg2 Qe5 45.Kf1 Qf4 46.Kg2 Rc3 47.Rd2 Rxf3 48.Qxf3
Qxd2+ 49.Qf2 Qc3 50.Qf1 d3 51.Qd1 Qc2+ 0-1

[Event "Euskadi ch"]
[Site "Zornotza"]
[Date "2012.04.15"]
[Round "7"]
[White "Ladron De Guevara Galar, Fco Ja"]
[Black "Arias Garcia, Luis Javier"]
[Result "0-1"]
[WhiteElo "2139"]
[BlackElo "2168"]

1.d4 Nf6 2.Nf3 g6 3.c4 Bg7 4.Nc3 O-O 5.e4 d6 6.Be2 Nbd7 7.O-O e5 8.Be3 
exd4 9.Nxd4 Re8 10.f3 a5 11.a3 Nc5 12.b3 c6 13.Qd2 Nh5 14.Rab1 f5 15.exf5 
gxf5 16.b4 f4 17.Bf2 axb4 18.axb4 Na4 19.Ne4 Be5 20.Rfd1 Nf6 21.Bd3 Nxe4 
22.Bxe4 Qg5 23.g4 Kh8 24.Ne2 Bxg4 25.fxg4 Qxg4+ 26.Kh1 f3 27.Ng3 Bxg3 28.
Bxg3 Rxe4 29.Qxd6 Rae8 30.Rg1 Qf5 31.Bf2 Qe5 32.Qd7 Nc3 33.Rb3 Ne2 34.Rxf3
Nxg1 35.Rf7 Kg8 36.Kxg1 Re7 37.Rxe7 Qxe7 38.Qd3 Re6 39.Kf1 Qd6 40.Qh3 Qd1+
41.Kg2 Rg6+ 42.Bg3 Qe2+ 43.Kg1 Qg4 44.Qf1 Qd4+ 45.Kg2 Qb2+ 46.Kh1 Qxb4 47.
Qe2 Qb1+ 48.Kg2 Qf5 49.Kg1 Re6 50.Qd2 Qb1+ 51.Kg2 Qe4+ 52.Kh3 Kg7 53.Qb2+ 
Kg6 54.c5 h5 55.Qh8 Qf5+ 56.Kg2 Re2+ 57.Kg1 Qb1+ 0-1

[Event "Euskadi ch"]
[Site "Zornotza"]
[Date "2012.04.15"]
[Round "7"]
[White "Alcaide Luque, Aitor"]
[Black "Ruiz Abad, Juan Manuel"]
[Result "1/2-1/2"]
[WhiteElo "2135"]
[BlackElo "1980"]

1.Nf3 c5 2.c4 Nf6 3.e3 g6 4.b3 Bg7 5.Bb2 O-O 6.Be2 Nc6 7.O-O d5 8.cxd5 Nb4
9.d3 Nbxd5 10.a3 b6 11.Qc2 Bb7 12.Nbd2 Rc8 13.Rac1 Rc7 14.Be5 Rc6 15.Qb2 
Qa8 16.e4 Nc7 17.d4 e6 18.Bb5 Nxb5 19.d5 exd5 1/2-1/2

[Event "Euskadi ch"]
[Site "Zornotza"]
[Date "2012.04.15"]
[Round "7"]
[White "Diez Fraile, David"]
[Black "Perez De Miguel, Alvaro"]
[Result "1-0"]
[WhiteElo "2185"]
[BlackElo "2190"]

1.d4 d5 2.c4 c6 3.Nf3 Nf6 4.Nc3 a6 5.e3 b5 6.c5 Bg4 7.h3 Bxf3 8.Qxf3 e5 9.
Bd2 g6 10.a4 b4 11.Na2 a5 12.Nc1 Ne4 13.Nb3 Bg7 14.O-O-O O-O 15.Be1 Nd7 
16.Qe2 exd4 17.exd4 Re8 18.Qc2 Qc7 19.Bd3 Re6 20.h4 Rae8 21.h5 Nf8 22.Kb1 
R8e7 23.Qc1 Rf6 24.hxg6 fxg6 25.f3 Ng3 26.Bxg3 Qxg3 27.Qd2 Qc7 28.Rde1 
Rfe6 29.Rxe6 Nxe6 30.Bc2 Bf6 31.Re1 Bg5 32.Qf2 Bf4 33.Re2 Bg3 34.Qe3 Re8 
35.Qd3 Qa7 36.Bd1 Kf7 37.Qe3 Re7 38.Qh6 Kf6 39.Qh3 Bf4 40.g3 Bb8 41.f4 h5 
42.Qh4+ Kg7 43.f5 gxf5 44.Qxh5 Bxg3 45.Qxf5 1-0

[Event "Euskadi ch"]
[Site "Zornotza"]
[Date "2012.04.15"]
[Round "7"]
[White "Diaz Herrero, Alvaro"]
[Black "Perez Fernandez, Modesto"]
[Result "1-0"]
[WhiteElo "2132"]
[BlackElo "2056"]

1.d4 d5 2.c4 c6 3.Nf3 Nf6 4.e3 e6 5.Nc3 Nbd7 6.Qc2 Bd6 7.Be2 O-O 8.O-O Qe7
9.e4 dxe4 10.Nxe4 Nxe4 11.Qxe4 Nf6 12.Qh4 c5 13.Bg5 cxd4 14.Nxd4 h6 15.
Bxf6 Qxf6 16.Qxf6 gxf6 17.Rfd1 Be5 18.Rd2 Bxd4 19.Rxd4 e5 20.Rd6 Be6 21.
Rad1 Rac8 22.b3 Kg7 23.Bf3 Rc7 24.Bd5 Re8 25.f4 exf4 26.Kf2 Kf8 27.Kf3 Ke7
28.Be4 f5 29.Bb1 Rg8 30.R1d2 Rg4 31.R6d4 Kf6 32.Rxf4 Rxf4+ 33.Kxf4 Rc8 34.
Bc2 b6 35.Bd1 Rc5 36.Be2 Re5 37.Bd3 Re1 38.Be2 Ra1 39.Bf3 Rh1 40.Rd1 Rxd1 
41.Bxd1 a5 42.h4 a4 43.h5 axb3 44.axb3 Bd7 45.Bc2 Bc6 46.g3 Bd7 47.Bd3 Be6
48.b4 Bc8 49.c5 bxc5 50.bxc5 Bd7 51.Bc2 Be6 52.c6 Bc8 53.Bd3 Be6 54.Ba6 
Ke7 55.c7 Kd6 56.c8=Q 1-0

[Event "Euskadi ch"]
[Site "Zornotza"]
[Date "2012.04.15"]
[Round "7"]
[White "Hernandez Perez, Jesus"]
[Black "Cucarella Montell, Angels"]
[Result "1-0"]
[WhiteElo "2022"]
[BlackElo "1950"]

1.d4 d5 2.Bf4 c5 3.e3 Nc6 4.c3 e6 5.Nd2 Nf6 6.Ngf3 Be7 7.Bd3 Nh5 8.Bg3 
Nxg3 9.hxg3 h6 10.Qe2 a6 11.Ne5 Qc7 12.f4 c4 13.Bc2 b5 14.Nxc6 Qxc6 15.e4 
Bb7 16.e5 O-O-O 17.a3 Kc7 18.O-O g6 19.g4 Bc8 20.f5 gxf5 21.gxf5 exf5 22.
Bxf5 Be6 23.Bg4 Rdg8 24.Bf3 Rg5 25.Rfc1 Rhg8 26.Nf1 Bh3 27.Ne3 Be6 28.a4 
b4 29.b3 Qb6 30.bxc4 dxc4 31.Nxc4 Qa7 32.Ne3 Kd8 33.Kh1 h5 34.d5 Bg4 35.d6
Bf8 36.Nc4 Bxf3 37.Qxf3 Rxg2 38.Qf6+ Kc8 39.cxb4 Qb7 40.Na5+ Rc2+ 41.Nxb7 
1-0

[Event "Euskadi ch"]
[Site "Zornotza"]
[Date "2012.04.15"]
[Round "7"]
[White "Gomez Calvo, Jose Ricardo"]
[Black "Albo Ruiz, Jose Martin"]
[Result "1-0"]
[WhiteElo "1943"]
[BlackElo "1890"]

1.Nf3 Nf6 2.c4 g6 3.b4 Bg7 4.Bb2 O-O 5.g3 d6 6.Bg2 e5 7.d3 c6 8.a4 Ne8 9.
Qb3 Qe7 10.Nc3 f5 11.Nd2 Nf6 12.c5+ d5 13.e4 fxe4 14.dxe4 Qf7 15.exd5 Nxd5
16.O-O Be6 17.Qa3 Na6 18.b5 Nab4 19.Nxd5 Nxd5 20.Ne4 h6 21.Nd6 Qe7 22.Rfe1
Rab8 23.Bxe5 Bxe5 24.Rxe5 Rxf2 25.Rae1 Rxg2+ 26.Kxg2 Nc7 27.Rxe6 Nxe6 28.
Qe3 Nf4+ 29.gxf4 Qh4 30.Qe6+ Kh8 31.Nf7+ Kg7 32.Nd6 Kh8 33.Qxg6 Rf8 34.
Nf7+ Rxf7 35.Re8+ 1-0